MARC details
| 000 -LEADER |
| fixed length control field |
04274cam a2200553 i 4500 |
| 001 - CONTROL NUMBER |
| control field |
200468159 |
| 003 - CONTROL NUMBER IDENTIFIER |
| control field |
TR-AnTOB |
| 005 - DATE AND TIME OF LATEST TRANSACTION |
| control field |
20260416162031.0 |
| 007 - PHYSICAL DESCRIPTION FIXED FIELD--GENERAL INFORMATION |
| fixed length control field |
ta |
| 008 - FIXED-LENGTH DATA ELEMENTS--GENERAL INFORMATION |
| fixed length control field |
260416t19801980nyu b 001 0 eng |
| 010 ## - LIBRARY OF CONGRESS CONTROL NUMBER |
| LC control number |
77076721 |
| 016 7# - NATIONAL BIBLIOGRAPHIC AGENCY CONTROL NUMBER |
| Record control number |
011995848 |
| Source |
Uk |
| 020 ## - INTERNATIONAL STANDARD BOOK NUMBER |
| International Standard Book Number |
080086638X |
|
| International Standard Book Number |
9780800866389 |
|
| International Standard Book Number |
0800866398 |
| Qualifying information |
(paperback) |
|
| International Standard Book Number |
9780800866396 |
| Qualifying information |
(paperback) |
| 035 ## - SYSTEM CONTROL NUMBER |
| System control number |
(CU-Riv)991028896809704706-01cdl_riv_inst |
|
| System control number |
991028896809704706 |
|
| System control number |
(CU-Riv)b17882199-01cdl_riv_inst |
|
| System control number |
(CU-S)b16697790-01ucs_sdi |
|
| System control number |
(OCoLC)04499817 |
| Canceled/invalid control number |
(OCoLC)6353536 |
| -- |
(OCoLC)26392399 |
| -- |
(OCoLC)1019885645 |
| -- |
(OCoLC)1065301465 |
| -- |
(OCoLC)1083381814 |
| -- |
(OCoLC)1089247409 |
| -- |
(OCoLC)1277095465 |
|
| System control number |
(OCoLC)ocm04499817 |
|
| System control number |
(EXLNZ-01UCS_NETWORK)9914363421006531 |
|
| System control number |
(TR-AnTOB)200468159 |
| 040 ## - CATALOGING SOURCE |
| Original cataloging agency |
DLC |
| Language of cataloging |
eng |
| Description conventions |
rda |
| Transcribing agency |
DLC |
| Modifying agency |
BTCTA |
| -- |
YDXCP |
| -- |
DEBBG |
| -- |
COA |
| -- |
UKMGB |
| -- |
GBVCP |
| -- |
OCLCQ |
| -- |
OCLCO |
| -- |
OCLCF |
| -- |
CHVBK |
| -- |
OCLCQ |
| -- |
WLU |
| -- |
JDP |
| -- |
OCLCO |
| -- |
EUQ |
| -- |
OCLCQ |
| -- |
OCLCA |
| -- |
OCLCQ |
| -- |
OCLCA |
| -- |
OCLCO |
| -- |
OCLCL |
| -- |
OCLCQ |
| -- |
NBMAB |
| -- |
OCLCL |
| -- |
TR-AnTOB |
| 041 0# - LANGUAGE CODE |
| Language code of text/sound track or separate title |
İngilizce |
| 043 ## - GEOGRAPHIC AREA CODE |
| Geographic area code |
n-us--- |
| 050 00 - LIBRARY OF CONGRESS CALL NUMBER |
| Classification number |
PS3503.R167 |
| Item number |
Z85 1980 |
| 090 ## - LOCALLY ASSIGNED LC-TYPE CALL NUMBER (OCLC); LOCAL CALL NUMBER (RLIN) |
| Classification number (OCLC) (R) ; Classification number, CALL (RLIN) (NR) |
PS3503.R167 |
| Local cutter number (OCLC) ; Book number/undivided call number, CALL (RLIN) |
Z85 1980 |
| 245 00 - TITLE STATEMENT |
| Title |
Ray Bradbury / |
| Statement of responsibility, etc. |
edited by Martin Harry Greenberg and Joseph D. Olander. |
| 250 ## - EDITION STATEMENT |
| Edition statement |
First edition. |
| 264 #1 - PRODUCTION, PUBLICATION, DISTRIBUTION, MANUFACTURE, AND COPYRIGHT NOTICE |
| Place of production, publication, distribution, manufacture |
New York : |
| Name of producer, publisher, distributor, manufacturer |
Taplinger Publishing Co., |
| Date of production, publication, distribution, manufacture, or copyright notice |
1980. |
|
| Date of production, publication, distribution, manufacture, or copyright notice |
©1980 |
| 300 ## - PHYSICAL DESCRIPTION |
| Extent |
248 pages ; |
| Dimensions |
22 cm |
| 336 ## - CONTENT TYPE |
| Content type term |
text |
| Content type code |
txt |
| Source |
rdacontent |
| 337 ## - MEDIA TYPE |
| Media type term |
unmediated |
| Media type code |
n |
| Source |
rdamedia |
| 338 ## - CARRIER TYPE |
| Carrier type term |
volume |
| Carrier type code |
nc |
| Source |
rdacarrier |
| 490 0# - SERIES STATEMENT |
| Series statement |
Writers of the 21st century |
| 504 ## - BIBLIOGRAPHY, ETC. NOTE |
| Bibliography, etc. note |
Includes bibliographical references and index. |
| 505 0# - FORMATTED CONTENTS NOTE |
| Formatted contents note |
McNelly, W.E. and Stupple, A.J. Two views. -- Wolfe, G.K. The frontier myth in Ray Bradbury. -- Gallagher, E.J. The thematic structure of The Martian chronicles. -- Mengeling, M.E. The machineries of joy and despair. -- Rabkin, E.S. To Fairyland by rocket. -- Diskin, L. Bradbury on children. -- Dimeo, S. Man and Apollo. -- Pierce, H. Ray Bradbury and the Gothic tradition. -- Pell, S.W.J. Style is the man. -- Watt, D. Burning bright. |
| 520 ## - SUMMARY, ETC. |
| Summary, etc. |
The beautifully crafted emotion-laden stories of Ray Bradbury have touched the hearts and minds of millions of people all over the world. The Martian Chronicles (often taken as a novel but actually twenty- six linked stories characterized by a strong structural unity) are among the most widely read and admired science fiction stories of all time. His classic novel Fahrenheit 451, which Donald Watt in this book calls "the only major symbolic dystopia of our time,' is a brilliant treatment of totaliratianism and those who struggle against it. Despite - or perhaps because of - the surface simplicity of his major works, Ray Bradbury has seldom been studied. This book attempts to place Bradbury has seldom been studied. This book attempts to place Bradbury in perspective both as a writer and in terms of his place in the history of science fiction. The latter point is an important one because Bradbury is not considered a "science fiction writer" by many of his contemporaries and critics. More often than not, he has been misunderstood, especially in regard to his attitudes toward science and "progress." The controversy surrounding Ray Bradbury cannot obscure his success as a writer, however. His books have sold millions of copies in paper back and have remained in print for decades. The expert contributors to this volume consider the charge that Bradbury is really an anti-scientific writer, fearful of technology and its effects. A number of themes are threatened in depth- Bradbury's attitudes towards science and technology, his alleged enchantment with the past, his poetic use of imaginary, and religious symbolism in his work. In addition, Edward J. Gallagher analyses he thematic structure of The Martain Chronicles, Gary K. Wolfe probes the importance of the frontier myth in Bradbury and the Gothic tradition-Publisher |
| 600 10 - SUBJECT ADDED ENTRY--PERSONAL NAME |
| Personal name |
Bradbury, Ray, |
| Dates associated with a name |
1920-2012 |
| General subdivision |
Criticism and interpretation |
| 9 (RLIN) |
23710 |
| 650 #0 - SUBJECT ADDED ENTRY--TOPICAL TERM |
| Topical term or geographic name entry element |
Science fiction, American |
| General subdivision |
History and criticism |
| 9 (RLIN) |
93801 |
| 700 1# - ADDED ENTRY--PERSONAL NAME |
| Personal name |
Greenberg, Martin Harry |
| Relator term |
editor |
| Relator code |
edt |
| 9 (RLIN) |
153742 |
|
| Personal name |
Olander, Joseph D. |
| Relator term |
editor |
| Relator code |
edt |
| 9 (RLIN) |
153743 |
| 942 ## - ADDED ENTRY ELEMENTS (KOHA) |
| Source of classification or shelving scheme |
Library of Congress Classification |
| Koha item type |
Book |